Norma Chilena Oficial NCh 435.Of55: técnica del tamizado y representación gráfica del análisis granulométrico de materiales finos.
Gespeichert in:
| Körperschaft: | |
|---|---|
| Format: | Unbekannt |
| Sprache: | Englisch |
| Veröffentlicht: |
Instituto Nacional de Normalización
1955
|
| Schlagworte: | |
| Tags: |
Tag hinzufügen
Keine Tags, Fügen Sie den ersten Tag hinzu!
|
MARC
| LEADER | 00000 a2200000 4500 | ||
|---|---|---|---|
| 003 | CL-VaPUC | ||
| 005 | 20240903093314.0 | ||
| 008 | 200303b ||||| |||| 00| 0 eng d | ||
| 999 | |c 376002 |d 376000 | ||
| 040 | |c Pontificia Universidad Católica de Valparaíso | ||
| 082 | |a 622.74 INS 1955 | ||
| 110 | 0 | |a Instituto Nacional de Normalización |e autor |9 719886 | |
| 245 | 1 | 0 | |a Norma Chilena Oficial NCh 435.Of55: |b técnica del tamizado y representación gráfica del análisis granulométrico de materiales finos. |
| 260 | |b Instituto Nacional de Normalización |c 1955 | ||
| 300 | |a 6 p | ||
| 583 | |k Cristina Rojas |c 20200303 | ||
| 650 | 0 | 0 | |a TAMIZADO |9 719883 |
| 650 | 0 | 0 | |a Granulometría |9 420877 |
| 942 | |2 ddc |c BK | ||
| 952 | |0 0 |1 0 |2 ddc |4 0 |6 622_740000000000000_INS_1955 |7 0 |8 A |9 496027 |a BIBALI |b BIBALI |c REF |d 2020-01-15 |e 9 |g 14400.00 |i 5572789 |o 622.74 INS 1955 |p 5572789 |r 2025-01-20 |t 1 |v 14400.00 |w 2020-01-15 |y BK_F |k ALI | ||